Normal view
MARC view
- Health services accessibility
Entry Topical Term
001 - CONTROL NUMBER
- control field: 40449
003 - CONTROL NUMBER IDENTIFIER
- control field: OSt
005 - DATE AND TIME OF LATEST TRANSACTION
- control field: 20160726113153.0
008 - FIXED-LENGTH DATA ELEMENTS
- fixed length control field: 160726|| aca||babn | a|a d
040 ## - CATALOGING SOURCE
- Original cataloging agency: OSt
150 ## - HEADING--TOPICAL TERM
- Topical term or geographic name as entry element: Health services accessibility
450 ## - SEE FROM TRACING--TOPICAL TERM
- Topical term or geographic name entry element: Access to health care
450 ## - SEE FROM TRACING--TOPICAL TERM
- Topical term or geographic name entry element: Accessibility of health services
450 ## - SEE FROM TRACING--TOPICAL TERM
- Topical term or geographic name entry element: Availability of health services
450 ## - SEE FROM TRACING--TOPICAL TERM
- Topical term or geographic name entry element: Medical care
- General subdivision: Access
550 ## - SEE ALSO FROM TRACING--TOPICAL TERM
- Topical term or geographic name entry element: Medical care